Laga biji getah yang menghiburkan
| Main Author: | |
|---|---|
| Format: | Book |
| Published: |
Seri Kembangan :
Pustaka Dasar Jaya Sdn. Bhd. ,
2020
|
| Series: | Siri semarak budaya bangsa
|
| Subjects: |
MARC
| LEADER | 00000cam a2200000 7i4500 | ||
|---|---|---|---|
| 001 | 0000278242 | ||
| 005 | 20210121093754.0 | ||
| 020 | |a 9789672400028 | ||
| 090 | 0 | 0 | |a JF |b SIT |
| 100 | 0 | |a Siti Rusilawati Yusof | |
| 245 | 1 | 0 | |a Laga biji getah yang menghiburkan |c Siti Rusilawati Yusof |
| 260 | |a Seri Kembangan : |b Pustaka Dasar Jaya Sdn. Bhd. , |c 2020 | ||
| 300 | |a 34p. : |b ill. ; |c 26cm. | ||
| 490 | 0 | |a Siri semarak budaya bangsa | |
| 650 | 0 | |a Children's stories, Malay | |
| 999 | |a 00377393 |b BUKU |c PINJAMAN |e PERPUSTAKAAN KOMUNITI PETALING JAYA | ||